00986nam a2200265 a 45000010005000000030010000050050017000150080041000320200019000730400025000920800021001172450145001382600033002833000027003164900052003435040025003956500034004206500038004546500051004926500029005437000029005727000034006017000039006358300046006741171BR-CuiBMT20231130235315.0231130b2016 mtba 000 0 por d a9788532705853  aBR-CuiBMTcBR-CuiBMT a37.018.43 2200700aInterações entre sujeitos, plataformas e recursos / cCristiano Maciel, Kátia Morosov Alonso, Maria Cristina Paniago (organizadores) . aCuiabá :bEdUFMT,cc2016.  a508 p. :bil. ;c21 cm1 aColeção educação a distância ;vv. 11 ainclui bibliografia. aEducação à distância  aAmbiente virtual de aprendizagem  a Educação xInovações tecnológicas  a Tecnologia educacional  aMaciel, Cristiano 4org. aAlonso, Kátia Morosov4org. aPaniago, Maria Cristina Lima4org. 0aEducação a distância (EdUFMT) ;v11